000 00414nam a22001697a 4500
003 OSt
008 250711b |||||||| |||| 00| 0 eng d
020 _a9788173815690
082 _a150 SIE
100 _aSINHA, Jadunath
245 _aElementary Psychology
250 _aReprint
260 _aKolkota,
_bNew Central Book Agency Pvt. Ltd.,
_c2013,
300 _a248 p.
650 _aPsychology
942 _2ddc
_cBK
999 _c13666
_d13666